Pre-convective environmental conditions indicative of non-tornadic severe thunderstorm winds over Southeast Florida /

Bibliographic Details
Main Author: Wilhelm, Jeffrey Michael, 1962-
Format: Thesis eBook
Language:English
Published: [Place of publication not identified] : [publisher not identified] ; 1987.
Subjects:
Online Access:Link to OAKTrust copy

MARC

Tag First Indicator Second Indicator Subfields
LEADER 00000cam a2200000 a 4500
001 in00000024758
005 20220103115034.0
007 cr unu a
008 870422s1987 xx ab b 00010 eng d
035 |9 AAB4916AM 
035 |a (OCoLC)15564034 
040 |a SCA  |c SCA  |d TXA  |d UtOrBLW 
043 |a n-us-fl 
049 |a TXAZ [Also in] [Archives]  |c 1 [A10997044], 2 [A10997094] 
099 |a 1987  |a Thesis  |a W678 
100 1 |a Wilhelm, Jeffrey Michael,  |d 1962- 
245 1 0 |a Pre-convective environmental conditions indicative of non-tornadic severe thunderstorm winds over Southeast Florida /  |c by Jeffrey Michael Wilhelm. 
264 1 |a [Place of publication not identified] :  |b [publisher not identified] ;  |c 1987. 
300 |a x, 74 leaves :  |b illustrations, maps ;  |c 29 cm. 
336 |a text  |b txt  |2 rdacontent 
337 |a computer  |b c  |2 rdamedia 
338 |a online resource  |b cr  |2 rdacarrier 
500 |a "Major subject: Meteorology." 
500 |a Typescript (photocopy). 
500 |a Vita. 
502 |b M.S.  |c Texas A&M University  |d 1987. 
504 |a Bibliography: pages 71-73. 
530 |a Also available online. 
650 0 |a Thunderstorm forecasting  |z Florida. 
650 0 |a Thunderstorms  |z Florida  |x Mathematical models. 
650 4 |a Major meteorology. 
856 4 1 |u https://hdl.handle.net/1969.1/ETD-TAMU-1987-THESIS-W678  |z Link to OAKTrust copy  |t 0 
999 |a MARS 
999 f f |s 14cfa449-b49c-3a70-9bca-500b80c65831  |i ee9015e6-c8f0-33e7-97f3-80e123de7dc4  |t 0 
952 f f |p noncirc  |a Texas A&M University  |b J.J. Pickle Campus  |c High Density Repository  |s HDR  |d Remote Storage  |t 0  |e 1987 Thesis W678  |h Other scheme  |i computer -- online resource  |m A14839622365 
952 f f |a Texas A&M University  |b College Station  |c Electronic Resources  |s www_evans  |d Available Online  |t 0  |e 1987 Thesis W678  |h Other scheme 
998 f f |a 1987 Thesis W678  |t 0  |l Remote Storage 
998 f f |a 1987 Thesis W678  |t 0  |l Available Online